banner-ar

شرح قانون الوصية : (Record no. 65492)

MARC details
000 -الفاتح
حقل البيانات ثابتة الطول 00667nam a2200181Ia 4500
005 - وقت وتاريخ اخر تعامل مع التسجيلة
رقم الضبط 20240530110827.0
008 - عناصر البيانات ثابتة الطول - معلومات عامة
حقل البيانات ثابتة الطول 140319s1988 ua 000 0 ara d
017 ## - رقم الايداع القانونى
المصدر ( الهيئة المختصة) مصر. دار الكتب
040 ## - مصدر الفهرسة
وكالة الفهرسة الأصلية GCL /
وكالة النسخ GCL
082 04 - رقم تصنيف ديوى العشرى
رقم الطبعة 21
رقم التصنيف 253.901/
رقم المادة م ش
100 0# - المدخل الرئيسى - إسم شخصى
الإسم الشخصى محمد ابو زهرة
245 10 - بيان العنوان
العنوان شرح قانون الوصية :
بقية العنوان دراسة مقارنة لمسائله وبيان لمصادره الفقهية /
بيان المسئوليه,etc محمد ابو زهرة
260 ## - PUBLICATION, DISTRIBUTION, ETC. (IMPRINT)
تاريخ النشر أو التوزيع 1988
300 ## - الوصف المادى
التعداد 136 ص. ؛
أبعاد الوعاء 24 سم.
650 07 - المدخل الاضافى بالموضوع-مصطلح موضوعى
مصطلح موضوعي الاسلام والاصلاح الدينى
مصدر الرأس أو المصطلح qrmak
651 ## - المدخل الاضافى بالموضوع - اسم جغرافى
مصدر الرأس أو المصطلح qrmak
942 ## - عناصر المدخل الإضافي( كوها)
مصدر التصنيف او مخطط الترفيف Dewey Decimal Classification
Koha [default] item type كتاب
260 ## - PUBLICATION, DISTRIBUTION, ETC. (IMPRINT)
-- القاهرة :
-- دار الفكر العربى،
Holdings
حالة التراجع حالة الفقد حالة تلف ليس للاعارة المكان المؤقت الموقع الحالى موقع الترفيف تاريخ الاكتساب اجمالي اﻻعارات رقم الطلب الباركود تاريخ اخر مشاهدة تاريخ تفعيل السعر نوع وعاء كوها
        مكتبة القاهرة الكبرى مكتبة القاهرة الكبرى القاعة الرئيسية 08/07/2019   253.901 م ش 166381 08/07/2019 08/07/2019 كتاب
        مكتبة القاهرة الكبرى مكتبة القاهرة الكبرى   08/07/2019   253.901 م ش 166382 08/07/2019 08/07/2019 كتاب
        مكتبة القاهرة الكبرى مكتبة القاهرة الكبرى   08/07/2019   253.901 م ش 166383 08/07/2019 08/07/2019 كتاب

Powered By

EGPV